| 000 | 00645cam a2200205 i 4500 | ||
|---|---|---|---|
| 001 | 1791697 | ||
| 005 | 20240829125736.0 | ||
| 008 | 780815s1978 mnu 001 0 eng | ||
| 020 |
_a0871235730 : _c$3.50 |
||
| 050 | 0 | 0 |
_aBR75 _b.B7 1978 |
| 082 | 0 | 0 | _a230 |
| 100 | 1 |
_aBunyan, John, _d1628-1688. |
|
| 245 | 1 | 0 |
_aUpon a penny loaf : _bthe wisdom of John Bunyan, author of Pilgrim's progress / _cselected and edited by Roger C. Palms. |
| 260 |
_aMinneapolis : _bBethany Fellowship, _cc1978. |
||
| 300 |
_a152 p. ; _c21 cm. |
||
| 500 | _aIncludes index. | ||
| 650 | 0 | _aChristian literature, English. | |
| 700 | 1 | _aPalms, Roger C. | |
| 942 |
_2lcc _cBK _n0 |
||
| 999 |
_c36 _d36 |
||